MyGZULibrary

Young Africa : (Record no. 3730)

MARC details
000 -LEADER
fixed length control field 01225cam a22003494a 4500
001 - CONTROL NUMBER
control field 12775258
003 - CONTROL NUMBER IDENTIFIER
control field GZU
005 - DATE AND TIME OF LATEST TRANSACTION
control field 20201209141031.0
008 - FIXED-LENGTH DATA ELEMENTS--GENERAL INFORMATION
fixed length control field 020515s2002 nju b 001 0 eng
010 ## - LIBRARY OF CONGRESS CONTROL NUMBER
LC control number 2002007685
020 ## - INTERNATIONAL STANDARD BOOK NUMBER
International Standard Book Number 0865438412 (hard cover)
020 ## - INTERNATIONAL STANDARD BOOK NUMBER
International Standard Book Number 0865438420 (pbk.)
040 ## - CATALOGING SOURCE
Original cataloging agency DLC
Transcribing agency DLC
Modifying agency DLC
042 ## - AUTHENTICATION CODE
Authentication code pcc
043 ## - GEOGRAPHIC AREA CODE
Geographic area code f------
050 00 - LIBRARY OF CONGRESS CALL NUMBER
Classification number HQ792.2
Item number DEW 2002
245 00 - TITLE STATEMENT
Title Young Africa :
Remainder of title realising the rights of children and youth /
Statement of responsibility, etc. Alex de Waal and Nicolas Argenti (eds.).
260 ## - PUBLICATION, DISTRIBUTION, ETC.
Place of publication, distribution, etc. Trenton, NJ :
Name of publisher, distributor, etc. Africa World Press,
Date of publication, distribution, etc. c2002.
300 ## - PHYSICAL DESCRIPTION
Extent xiv, 284 p. ;
Dimensions 23 cm.
500 ## - GENERAL NOTE
General note "Justice Africa."
504 ## - BIBLIOGRAPHY, ETC. NOTE
Bibliography, etc. note Includes bibliographical references (p. 237-273) and index.
650 #0 - SUBJECT ADDED ENTRY--TOPICAL TERM
Topical term or geographic name entry element Children
Geographic subdivision Africa.
650 #0 - SUBJECT ADDED ENTRY--TOPICAL TERM
Topical term or geographic name entry element Youth
Geographic subdivision Africa.
650 #0 - SUBJECT ADDED ENTRY--TOPICAL TERM
Topical term or geographic name entry element Children's rights
Geographic subdivision Africa.
650 #0 - SUBJECT ADDED ENTRY--TOPICAL TERM
Topical term or geographic name entry element Child welfare
Geographic subdivision Africa.
650 #0 - SUBJECT ADDED ENTRY--TOPICAL TERM
Topical term or geographic name entry element Social problems
Geographic subdivision Africa.
700 1# - ADDED ENTRY--PERSONAL NAME
Personal name De Waal, Alexander.
700 1# - ADDED ENTRY--PERSONAL NAME
Personal name Argenti, Nicolas.
906 ## - LOCAL DATA ELEMENT F, LDF (RLIN)
a 7
b cbc
c orignew
d 1
e ecip
f 20
g y-gencatlg
942 ## - ADDED ENTRY ELEMENTS (KOHA)
Source of classification or shelving scheme Library of Congress Classification
Koha item type Books
Classification part 792.2
Item part DEW
Call number prefix HQ
Holdings
Withdrawn status Lost status Damaged status Not for loan Collection code Home library Current library Shelving location Date acquired Inventory number Total Checkouts Full call number Barcode Date last seen Copy number Price effective from Koha item type
        Non-fiction City Campus Library City Campus Library General Stacks 12/09/2020 4086   HQ 792.2 DEW 2002 *B016737* 12/09/2020 c.1 12/09/2020 Books
        Non-fiction Mashava Campus Library Mashava Campus Library General Stacks 05/11/2021     HQ 792.2 DEW 2002 1521 05/11/2021 c.2 05/11/2021 Books